000
00283nam a22001337a 4500
003
SGT
082
_a
610.7367
_b
M11V
100
_a
VERMA, G.K.
245
_a
MIDWIFERY CARE BOOK
250
_a
1ST
260
_a
JALANDHAR , INDIA
_b
LOOTUS PUB.
_c
2011
300
_a
458
942
_2
ddc
_c
BK
999
_c
8188
_d
8188